[Event "Fall Chess Classic-B 2018"]
[Site "Saint Louis"]
[Date "2018.10.13"]
[Round "4"]
[White "Chandra, Akshat"]
[Black "Ashwin, Jayaram"]
[Result "0-1"]
[WhiteElo "2471"]
[BlackElo "2494"]
[Annotator "RC"]
[PlyCount "52"]
[EventDate "2018.10.10"]
[EventType "tourn"]
[EventCountry "USA"]
[SourceTitle "playchess.com"]
[Source "ChessBase"]
[SourceQuality "1"]
[TimeControl "40/5400+30:1800+30"]

1. e4 {[%emt 0:00:00]} Nf6 {[%emt 0:00:00]} 2. e5 {[%emt 0:00:11]} Nd5 {[%emt 0:00:00]} 3. d4 {[%emt 0:00:17]} d6 {[%emt 0:00:01]} 4. Nf3 {[%emt 0:00:45]} dxe5 {[%emt 0:00:09]} 5. Nxe5 {[%emt 0:00:31]} c6 {[%emt 0:00:07]} 6. Be2 {[%emt 0:03:16]} Bf5 {[%emt 0:00:41]} 7. O-O {[%emt 0:00:41]} Nd7 {[%emt 0:00:31]} 8. Nf3 {[%emt 0:21:53]} e6 {[%emt 0:01:03]} 9. c4 {[%emt 0:00:43]} N5f6 {[%emt 0:00:08]} 10. Nc3 {[%emt 0:00:46]} Bd6 {[%emt 0:03:07]} 11. Nh4 {[%emt 0:06:29]} Bg6 {[%emt 0:00:29]} 12. g3 {[%emt 0:01:19]} O-O {[%emt 0:03:29]} 13. Be3 {[%emt 0:03:35]} Re8 {[%emt 0:06:37]} 14. Nxg6 {[%emt 0:05:36]} hxg6 {[%emt 0:00:12]} 15. Qb3 {[%emt 0:12:44]} Qc7 {[%emt 0:14:19]} 16. Rfd1 {[%emt 0:01:28]} e5 {[%emt 0:02:29]} 17. c5 {[%emt 0:15:37]} Be7 {[%emt 0:00:30]} 18. dxe5 {[%emt 0:04:29]} Nxe5 {[%emt 0:01:20]} 19. Qa4 {[%emt 0:00:54]} Ned7 {[%emt 0:10:28]} 20. Qc4 {[%emt 0:01:10]} Bf8 {[%emt 0:01:39]} 21. b4 {[%emt 0:05:22]} b6 {[%emt 0:03:57]} 22. Bf4 {[%emt 0:03:56]} Ne5 {[%emt 0:01:02]} 23. Qd4 {[%emt 0:06:07]} bxc5 {[%emt 0:04:09]} 24. bxc5 {[%emt 0:00:01]} Qa5 {[%emt 0:13:02]} 25. Nb5 {[%emt 0:03:08]} Qxb5 {[%emt 0:01:38]} 26. Bxb5 {[%emt 0:01:30]} Nf3+ {[%emt 0:00:06]} 0-1

[Event "Fall Chess Classic-B 2018"]
[Site "Saint Louis"]
[Date "2018.10.13"]
[Round "4"]
[White "Jacobson, Brandon"]
[Black "Moradiabadi, Elshan"]
[Result "1/2-1/2"]
[WhiteElo "2412"]
[BlackElo "2534"]
[Annotator "TA"]
[PlyCount "205"]
[EventDate "2018.10.10"]
[EventType "tourn"]
[EventCountry "USA"]
[SourceTitle "playchess.com"]
[Source "ChessBase"]
[SourceQuality "1"]

{[%evp 11,204,0,14,10,30,0,36,-2,45,47,54,53,53,48,53,48,45,46,57,57,55,39,66,41,35,18,36,27,57,18,67,47,43,38,34,40,31,2,23,29,87,87,81,82,89,83,114,116,116,107,125,112,185,191,222,126,135,83,71,83,126,120,324,228,229,227,216,109,114,90,91,16,18,12,85,63,72,13,26,6,69,0,0,0,3,0,16,0,0,0,28,13,16,12,27,0,94,43,42,42,42,42,42,42,42,43,51,51,51,8,8,8,22,5,22,0,0,0,0,0,0,2,22,22,22,0,0,0,0,0,0,0,0,0,0,0,0,8,8,8,63,63,63,63,63,63,63,63,63,63,63,63,63,63,63,63,63,8,63,63,63,63,63,63,63,63,63,63,63,63,63,8,8,8,8,8,8,8,8,8,8,8,8,8,8,0,63,63,63,63,63,8,8,8,8]} 1. e4 c6 2. Nc3 d5 3. Nf3 Bg4 4. h3 Bxf3 5. Qxf3 e6 6. Be2 Nf6 {LiveBook: 148 Games. B11: Caro-Kann: Two Knights Variation} 7. Qf4 (7. O-O Qb6 8. d3 Nbd7 9. Qf4 d4 10. Nb1 Qc5 11. Bd1 Bd6 12. Qg5 Qxg5 13. Bxg5 h6 14. Bc1 {1-0 (72) Fedoseev,V (2718)-Kasimdzhanov,R (2683) Riadh 2017}) 7... Nbd7 $146 ({Predecessor:} 7... Be7 8. O-O O-O 9. d4 dxe4 10. Rd1 Bd6 11. Qh4 Nbd7 12. Nxe4 Nxe4 13. Qxe4 Re8 14. Qf3 h6 15. c3 Qe7 {½-½ (15) Simakhin,A (2480)-Cleto,F (2496) ICCF email 2010}) 8. d4 g6 9. exd5 cxd5 10. Nb5 Rc8 11. c3 a6 12. Nd6+ Bxd6 $1 13. Qxd6 Ne4 14. Qb4 Qb6 15. Qxb6 Nxb6 16. a4 {[%cal Ba2a4,Ba4a5][%mdl 32]} O-O 17. a5 Nc4 18. Bd1 f6 19. Bc2 Kf7 20. h4 Ncd6 21. Rh3 Nb5 22. h5 Rh8 23. Bd3 g5 24. Re3 Ned6 25. Re2 Nf5 (25... f5 $11) 26. g4 $16 Nh4 27. Kf1 h6 28. Ra4 $1 Nd6 29. Rb4 Rc6 30. f4 Re8 31. Bd2 Re7 (31... Rb8 $16 {was necessary.}) 32. fxg5 $18 hxg5 33. Be1 (33. Rf2 $1 $18 Ne4 34. Bxe4 dxe4 35. Bxg5) 33... Nf3 34. Bg6+ (34. Bg3 $142 $1) 34... Kg7 $16 35. Bg3 Nc4 36. Kg2 Ncd2 $2 (36... Nh4+ $16 37. Bxh4 gxh4) 37. Re3 Nh4+ 38. Bxh4 $1 gxh4 39. Kh3 ({White must play} 39. Bd3 $1 $18) 39... Nc4 {[#]} 40. Re2 $1 Nxa5 {[#]} 41. Kxh4 (41. Ra4 $1 $16 {[%cal Ra4a5]} Nc4 42. Bd3 (42. Kxh4 e5 $14)) 41... b5 $11 42. g5 Rc8 (42... Nc4 $11) 43. gxf6+ Kxf6 44. Rf2+ Kg7 45. Kg5 Rd8 (45... Nc4 $11) 46. h6+ (46. Rf1 $14) 46... Kh8 $1 47. Rf6 Rg8 48. Kf4 Rd8 49. Bh5 Nc4 50. Bg4 e5+ 51. dxe5 Nxe5 52. Bf5 Nc4 53. Rxa6 Re2 (53... Re1 $11 {remains equal.}) 54. Rxb5 ({White should play} 54. Rf6 $16) 54... Rf2+ $14 55. Kg5 {aiming for Rxd5.} Nd6 56. Rxd6 $1 {[%cal Rd6d8]} Rg2+ 57. Kf4 Rxd6 {[%mdl 4096] Endgame KRR-KRB} 58. Rb8+ Rg8 59. Rxg8+ Kxg8 {KR-KB} 60. Ke5 Rxh6 61. Kxd5 {White wants to play Be6+.} Kf7 62. b4 Ke7 63. b5 Kd8 64. c4 Rh5 65. Ke6 Rh6+ 66. Ke5 Rb6 67. Kd5 Kc7 68. Kc5 Rh6 69. Be4 Rh5+ 70. Bd5 {next b6+ is good for White.} Rh6 71. Kb4 Rh5 72. Ka5 Rh6 73. Bf7 Rf6 74. Be8 {With the idea c5.} Rf1 75. b6+ Kb7 (75... Kd6 $11) 76. c5 Rf5 77. Kb5 Rg5 78. Bc6+ Kb8 79. Be4 Re5 80. Bd3 Rh5 81. Bc4 Rg5 82. Kb4 Kb7 83. Be2 Rf5 84. Bd3 (84. Kb5 $14) 84... Re5 (84... Rd5 $11 85. Bc2 (85. Be4 Ka6 $11) 85... Ka6) 85. Kb5 Kb8 86. Bc2 Rh5 87. Bb1 Rh1 88. Bg6 Rh6 89. Be4 Rh4 90. Bd5 {Black must now prevent c6.} Rh5 $1 {[%cal Rh5d5]} 91. Kc6 ({Better is} 91. Bf7 $14 Rf5 92. Bc4) 91... Rh6+ $11 92. Kd7 {Intending c6 and mate.} Rh7+ 93. Kd6 {c6 would kill now.} Rh6+ 94. Ke5 Rh5+ $1 95. Kd4 {c6 is the strong threat.} Rh4+ $1 96. Be4 {Threatens to win with c6.} Rh5 $1 97. Kc4 {And now c6 would win.} Rh4 $1 {[%cal Rh4e4]} 98. Kd3 (98. Kd5 {seems wilder.} Kb7 99. Ke5+ Ka6 100. Bc6 Rh6 101. Bd5) 98... Rh5 (98... Rh3+ $1 $11 99. Kc4 Rh4) 99. Kd4 $14 Rg5 100. Bf3 {Strongly threatening c6.} Rg3 $1 {[%cal Rg3f3]} 101. Ke3 ({White should try} 101. Bd5 $1 $14 Rg4+ 102. Be4) 101... Rg7 $1 $11 102. c6 {Hoping for Kd4.} Rb7 103. cxb7 $2 {[%mdl 8192] Precision: White = 51%, Black = 55%.} (103. c7+ Rxc7 104. bxc7+ Kxc7) 1/2-1/2

[Event "Fall Chess Classic-B 2018"]
[Site "Saint Louis"]
[Date "2018.10.13"]
[Round "4"]
[White "Yoo, Christopher Woojin"]
[Black "Zierk, Steven"]
[Result "1/2-1/2"]
[WhiteElo "2410"]
[BlackElo "2506"]
[Annotator "TA"]
[PlyCount "148"]
[EventDate "2018.10.10"]
[EventType "tourn"]
[EventCountry "USA"]
[SourceTitle "playchess.com"]
[Source "ChessBase"]
[SourceQuality "1"]

{[%evp 17,148,72,95,102,96,100,103,96,149,149,146,144,150,102,100,104,98,82,158,161,171,158,235,267,304,300,306,275,262,262,253,260,312,319,451,337,357,340,325,226,226,218,231,221,220,178,218,205,287,164,231,181,261,158,139,107,140,116,127,108,105,50,112,73,149,101,114,114,183,197,169,182,187,169,220,220,205,210,202,210,184,210,207,211,215,201,195,99,64,67,64,59,59,59,76,82,83,83,73,0,45,-12,-8,-12,-12,-59,-22,-37,-19,-179,-194,-150,-8,-8,-8,-8,-2,-16,-16,-16,-16,-16,-16,-16,-8,-8,0,0,0,-10,-10,-9,-9]} 1. e4 e6 2. d4 d5 3. Nc3 Bb4 4. e5 Qd7 5. Qg4 f5 6. Qg3 b6 7. Nh3 Nc6 {C16: French: 3 Nc3 Bb4 4 e5: Lines without ...c5} (7... Ba6 8. Bxa6 Nxa6 9. Nf4 O-O-O 10. O-O Bxc3 11. Qxc3 g5 12. Nd3 f4 13. a4 Nb8 14. b4 a6 15. Bd2 Qf7 16. a5 b5 {½-½ (33) Saglione,E (2529)-Mary,P (2537) ICCF email 2011}) 8. Bb5 Bb7 9. a3 Bf8 {LiveBook: 3 Games. White is better.} 10. Ne2 a6 11. Bd3 O-O-O 12. b4 Nh6 (12... h6 $142) 13. b5 $146 ({Predecessor:} 13. Ng5 Nf7 14. h4 h6 15. Nxf7 Qxf7 {1-0 (34) Duppel,M (2434)-Hagemann,T (2104) Stuttgart 2003}) 13... Na5 14. bxa6 Bc6 15. Nef4 Nf7 16. O-O g6 17. Be2 Ba4 (17... Nc4 $142) 18. Bd2 Nc6 19. Qc3 $40 {[%mdl 128] White is out for blood.} g5 (19... Kb8 $16 20. Rfb1 Na7) 20. Nd3 $18 g4 21. Ng5 Na7 22. Nxf7 Qxf7 23. Rfb1 Kd7 24. Nf4 Be7 25. Qb2 Bg5 (25... b5 {was called for.} 26. Bb4 c5 27. Bxc5 Bxc5 28. dxc5 Ke8) 26. c4 Bxf4 27. Bxf4 Bc6 28. c5 bxc5 29. dxc5 Qe7 30. Qd4 Rb8 31. a4 Rhc8 32. Be3 Qf8 33. Bd3 (33. Rb6 $142) 33... h5 (33... Rxb1+ $142 34. Rxb1 Rb8) 34. Qf4 Qf7 (34... Qe7 $142 35. Qh6 Qf7) 35. Rxb8 Rxb8 36. Rb1 Kc8 37. Rxb8+ Kxb8 38. Qd4 Qe8 39. Bc2 ({White should play} 39. h4 $16) 39... Kc8 (39... Qc8 $14) 40. Qb2 Kd7 (40... Ba8 $142) 41. Qb4 Qh8 42. Qf4 {And now Bxf5! would win.} Qg7 (42... Kc8 $16 43. Bd1 Ba8) 43. Bxf5 exf5 44. Qxf5+ Ke8 45. Qxh5+ Kd8 (45... Kd7 $142 46. Qf5+ Ke8 47. Qe6+ Kd8) 46. Bg5+ Kc8 47. Qxg4+ Bd7 48. Qf4 Nc6 49. Qf6 $1 {[%cal Rf6g7]} Qg8 ({Inferior is} 49... Qxf6 50. exf6 Nd8 51. h4 $11) 50. h4 Qe8 51. Bf4 d4 52. h5 ({White should try} 52. f3 $18) 52... Qxh5 $16 53. e6 $1 Be8 54. Qg7 {[%csl Gf4][%cal Rg7c7]} Qd1+ 55. Kh2 {[%csl Gf4][%cal Rg7c7]} Qh5+ 56. Kg3 $1 {[%csl Gf4][%cal Rg7c7]} Qg6+ 57. Qxg6 Bxg6 {[#]} 58. Kg4 $1 Nd8 59. a7 (59. c6 $14 Nxc6 60. Kg5) 59... Kb7 $11 60. Bxc7 Nxe6 61. c6+ Kxa7 62. Ba5 d3 63. Kf3 $2 (63. f4 $11) 63... Nd4+ $19 64. Ke3 {[#]} Nxc6 (64... Nc2+ $1 $17 65. Kd2 Na3) 65. Bc3 $11 {The position is equal.} Kb6 66. g4 Ne7 67. Be5 Kc6 {White must now prevent ...Nd5+.} 68. f4 Nd5+ 69. Kd2 Be4 {Strongly threatening ...Nb6.} 70. a5 $1 Ne7 71. f5 Ng8 {Threatening ...Nh6.} 72. Bg7 Kb5 73. f6 {aiming for f7.} Bg6 74. f7 Bxf7 {Precision: White = 46%, Black = 50%.} 1/2-1/2

[Event "Fall Chess Classic-B 2018"]
[Site "Saint Louis"]
[Date "2018.10.14"]
[Round "5"]
[White "Holt, Conrad"]
[Black "Gabuzyan, Hovhannes"]
[Result "0-1"]
[WhiteElo "2561"]
[BlackElo "2592"]
[Annotator "TA"]
[PlyCount "154"]
[EventDate "2018.10.10"]
[EventType "tourn"]
[EventCountry "USA"]
[SourceTitle "playchess.com"]
[Source "ChessBase"]
[SourceQuality "1"]

{[%evp 13,154,42,57,47,55,33,50,5,21,0,13,3,23,29,23,23,20,0,19,21,42,6,18,0,0,-14,-14,-26,-21,-21,-19,-27,-30,-37,-53,-48,-43,-49,-36,-56,-40,-59,-23,-16,0,-15,0,0,0,-5,-5,-35,-42,-38,-31,-29,-30,-73,-73,-73,-63,-80,-80,-80,-73,-78,-73,-100,-100,-171,-53,-166,-175,-164,-158,-181,-152,-181,-181,-181,-181,-179,-52,-81,-32,-53,-21,-22,-8,-135,-135,-132,-129,-133,-71,-71,-71,-70,-70,-187,-110,-109,-102,-173,-167,-177,-177,-203,-199,-194,-189,-214,-214,-300,-300,-292,-285,-287,-286,-380,-293,-273,-264,-400,-374,-395,-369,-541,-463,-430,-422,-604,-579,-542,-518,-29960,-29941,-29975,-29975,-29969,-29971,-29996,-29993]} 1. d4 g6 2. c4 Bg7 3. Nc3 d6 4. Nf3 Bg4 5. h3 Bxf3 6. exf3 {A41: Moderne Verteidigung gegen 1.d4 (mit oder ohne späterem e2-e4 und Sf6)} Nf6 {[%cal Bg8f6,Bf6e8,Be8d6,Bd6f5][%mdl 32]} (6... e6 7. d5 exd5 8. Nxd5 c6 9. Qe2+ Kf8 10. Nc3 Ne7 11. Bf4 Nf5 12. O-O-O Na6 13. Qd2 {0-1 (110) Vallejo Pons,F (2705)-Gashimov,V (2757) Beijing 2011}) 7. Be3 Nbd7 {LiveBook: 3 Partien} 8. Be2 {Weiß steht etwas besser.} O-O 9. g4 $146 ({Vorgänger:} 9. O-O d5 10. Qb3 Rb8 11. Rfd1 dxc4 12. Bxc4 b5 {½-½ (60) Bombek,P (2219)-Mrva,M (2427) Tatranske Zruby 2013}) 9... c6 10. g5 Ne8 11. Qd2 d5 12. cxd5 Nd6 13. dxc6 bxc6 14. O-O Nf5 15. Rad1 Rb8 16. f4 h5 17. gxh6 Bxh6 18. Bd3 e6 19. Bxf5 gxf5 20. Kh2 Qh4 21. Rg1+ Kh7 22. Rg2 Rg8 23. Rdg1 Rxg2+ 24. Rxg2 Nf6 25. f3 Rd8 26. b4 Nd7 (26... a6 {keeps more tension.} 27. a3 Ra8 28. Qf2 Bxf4+ 29. Bxf4 Qxf4+ 30. Qg3 Nh5) 27. Qf2 Qxf2 (27... Bxf4+ {feels hotter.} 28. Bxf4 Qxf4+ 29. Kg1 Nb6 30. Ne2 Qh6) 28. Rxf2 Nb6 29. Rc2 $1 Bf8 30. a3 Ra8 31. Ne2 a5 32. Bd2 (32. Rxc6 $2 Nd5 $19) 32... axb4 33. Bxb4 Bxb4 34. axb4 $15 {[%mdl 4096] Endspiel KTS-KTS} Nd5 35. Kg3 Nxb4 36. Rc4 Nd3 37. Rc3 Rg8+ 38. Kh2 Nb4 39. Rc4 Nd5 40. Rxc6 Ne3 $1 41. Nc1 (41. Kh1 $17) 41... Rg2+ $19 {[%mdl 1024] Schwarz hat starke Kompensation.} 42. Kh1 Rd2 $1 43. Nb3 Rd3 44. Rb6 Kg6 45. Rb7 Nd5 46. Kg2 Nxf4+ 47. Kg3 Nd5 (47... Ne2+ $19 48. Kg2 Nxd4 49. Nxd4 Rxd4) 48. Kf2 f4 49. h4 Ne3 50. Ke2 Rc3 {Weiss muss nun ...Sf5 beachten.} 51. Nc5 (51. Kd2 $1 $11 {bleibt in der Remisbreite.} Nd5 52. Ke2) 51... Nf5 $17 52. Nd3 Nxd4+ 53. Kd2 {[#]} Rc2+ (53... Ra3 $142 $1 54. Nxf4+ Kg7 55. Nh5+ Kh7) 54. Kd1 {Droht Td7 und aus.} Rh2 {Und ...Th1+ würde nun gewinnen.} 55. Nxf4+ Kg7 56. Rd7 ({Der einzige Zug:} 56. Nh5+ $15 Kh7 57. Rxf7+ Kg6 58. Rd7) 56... Rh1+ ({Schwächer ist} 56... Nxf3 57. Nxe6+ Kf6 58. Ng5 $15) ({Günstiger ist} 56... e5 $19 57. h5 Nxf3 58. Ne6+ Kf6) 57. Kd2 Nxf3+ 58. Ke3 (58. Ke2 $17 Ne5 59. Rb7) 58... Ne5 $19 ({Viel schwächer ist} 58... Nxh4 59. Nxe6+ Kh6 60. Rxf7 $15) 59. Rc7 Kf6 ({Bloß nicht} 59... Rxh4 60. Nxe6+ Kg6 61. Nd4 $17) 60. Nh5+ Kg6 61. Nf4+ Kf5 62. Ng2 Rh3+ 63. Kf2 (63. Ke2 {kämpft weiter.}) 63... Ng4+ 64. Ke2 f6 65. Rc1 {[#]} e5 $1 {[%cal Be6e5,Be5e4][%mdl 32]} 66. Ra1 Rb3 67. Ra2 Rg3 68. Ne1 (68. Kf1 $142) 68... e4 69. Kf1 Ne3+ 70. Ke2 (70. Kf2 $142 Rh3 71. Ra4) 70... Kf4 71. Ra4 Ng4 72. Kf1 (72. Kd2 $142) 72... Rb3 73. Ng2+ Kg3 {Und weiter mit ...f5 wäre nett.} 74. Ne1 (74. Rxe4 $19 Nh2+ 75. Ke1 Rb1+ 76. Kd2 Rb2+ 77. Kd3 Rxg2 78. Rc4) 74... f5 {[%cal Bf6f5,Bf5f4][%mdl 32] Schwarz setzt Matt.} 75. h5 Rb2 76. Ra3+ e3 77. h6 f4 {Precision: Weiß = 35%, Schwarz = 59%.} 0-1

[Event "Fall Chess Classic-B 2018"]
[Site "Saint Louis"]
[Date "2018.10.14"]
[Round "5"]
[White "Moradiabadi, Elshan"]
[Black "Chandra, Akshat"]
[Result "1/2-1/2"]
[WhiteElo "2534"]
[BlackElo "2471"]
[Annotator "TA"]
[PlyCount "95"]
[EventDate "2018.10.10"]
[EventType "tourn"]
[EventCountry "USA"]
[SourceTitle "playchess.com"]
[Source "ChessBase"]
[SourceQuality "1"]

{[%evp 17,95,0,0,0,8,10,12,8,13,-1,26,25,29,28,25,24,30,29,35,-6,-6,-5,-13,-14,25,-59,-29,-21,0,-63,0,0,0,0,73,67,103,77,68,21,33,21,32,26,45,52,62,30,127,129,152,55,65,51,59,16,16,16,22,0,0,0,0,0,0,0,0,0,0,0,0,0,0,0,10,9,43,0,0,0]} 1. d4 Nf6 2. Nf3 d5 3. Bf4 c5 4. e3 Nc6 5. Nbd2 (5. c3 e6 6. Nbd2 cxd4 7. exd4 Nh5 8. Bg5 f6 9. Be3 Bd6 10. Bb5 O-O 11. O-O Ne7 12. Re1 Bd7 13. Bd3 g6 14. Bh6 Rf7 {½-½ (83) Caruana,F (2822)-Aronian,L (2767) chess.com INT 2018}) 5... cxd4 6. exd4 {D02: 1 d4 d5 2 Nf3 sidelines, including 2...Nf6 3 g3 and 2...Nf6 3 Bf4} Bf5 7. c3 e6 8. Be2 h6 9. Qb3 Qc8 {LiveBook: 4 Games} 10. O-O Be7 11. Rfe1 O-O 12. Ne5 Nd7 13. Ng4 $146 Bxg4 14. Bxg4 g5 15. Bg3 f5 16. Bf3 (16. Rxe6 Nc5 $11) 16... Nf6 $1 {And now ...f4 would win.} 17. h3 Qd7 18. Be5 Nxe5 19. dxe5 Ne4 $1 {[%cal Re4d2]} 20. Rad1 {[%cal Rf3e4]} Qe8 (20... Nc5 $5 21. Qc2 $8 Rac8 $11) 21. Nf1 (21. Nxe4 fxe4 22. Bg4 Bc5 $17) (21. Qxb7 Bc5 $17) (21. c4 $11 Nc5 22. Qc2) 21... Bc5 22. Re2 $1 b5 23. Ne3 {[#]} (23. Rxd5 $1 $11 Bxf2+ 24. Rxf2 exd5 25. Bxe4 (25. Qxd5+ Kh8 $11) 25... fxe4 26. Qxd5+ Kh8 27. Rxf8+ (27. Qxe4 Rxf2 28. Kxf2 Qf7+ 29. Kg1 Re8 $11) 27... Qxf8 28. Ng3 (28. Qxe4 Qc5+ 29. Kh1 Re8 $17)) 23... Nxf2 $1 {[%mdl 512]} 24. Rxd5 $1 $11 (24. Rxf2 Bxe3) 24... exd5 25. Qxd5+ Qf7 (25... Kh7 $1 $11 26. Qxc5 Nd3) 26. Qxc5 $16 {Hoping for Bd5.} Ne4 $1 {[%cal Re4c5]} 27. Qc6 Rae8 28. Qxb5 {Strongly threatening Nxf5!} Kh8 29. Bxe4 fxe4 30. Qc6 Rxe5 31. Qxh6+ Kg8 32. Rd2 Qg7 (32... Qf4 $11 {remains equal.} 33. Qg6+ Kh8 34. Qh5+ Kg8) 33. Qc6 Qf7 34. Kh1 ({White should play} 34. Rd6 $16) 34... Re6 $14 35. Qd5 Rg6 36. Qxe4 Re8 $1 {[%cal Re8e4]} 37. Qd4 Rge6 38. Ng4 {[#] Black must now prevent Rf2.} Re1+ 39. Kh2 Qc7+ 40. Qd6 Qxd6+ 41. Rxd6 $11 {[%mdl 4096] Endgame KRR-KRN} R8e2 42. b4 Rxa2 43. Rg6+ Kf7 44. Rxg5 Ree2 45. Nh6+ Ke6 46. h4 {[%cal Bh3h4,Bh4h5][%mdl 32]} Re4 47. h5 Re5 48. Rxe5+ {Precision: White = 44%, Black = 55%.} 1/2-1/2

[Event "Fall Chess Classic-B 2018"]
[Site "Saint Louis"]
[Date "2018.10.14"]
[Round "5"]
[White "Zierk, Steven"]
[Black "Azarov, Sergei"]
[Result "1-0"]
[WhiteElo "2506"]
[BlackElo "2565"]
[Annotator "TA"]
[PlyCount "69"]
[EventDate "2018.10.10"]
[EventType "tourn"]
[EventCountry "USA"]
[SourceTitle "playchess.com"]
[Source "ChessBase"]
[SourceQuality "1"]

{[%evp 15,69,23,40,20,35,-9,-19,-25,56,-52,8,13,10,10,23,0,0,-54,0,-25,0,0,0,0,0,-43,-28,-42,0,-7,-5,0,56,52,60,68,60,60,65,56,60,58,54,57,1000,987,945,904,29984,29985,29984,29985,29990,29991,29991,29992]} 1. e4 c5 2. Nf3 e6 3. d4 cxd4 4. Nxd4 Nc6 5. Nc3 Qc7 6. Be3 a6 7. Qf3 {B48: Sicilian: Taimanov: 5 Nc3 Qc7 6 Be3 a6 without Be2} Nf6 {[%cal Bg8f6,Bf6g4,Bg4e5][%mdl 32]} 8. O-O-O h5 {LiveBook: 21 Games} (8... Ne5 9. Qg3 b5 10. a3 Bb7 11. Bxb5 Rc8 12. Ba4 Nxe4 13. Nxe4 Bxe4 14. Bf4 Qc4 15. Bxe5 Qxa4 {1-0 (38) Vachier Lagrave,M (2789)-Anand,V (2776) Karlsruhe/Baden-Baden 2018}) 9. h4 $146 {White is slightly better.} ({Predecessor:} 9. Nxc6 dxc6 10. h3 b5 11. e5 Nd5 12. Nxd5 exd5 13. Bd3 Be6 14. Rhe1 Qxe5 {½-½ (70) Zherebukh,Y (2633)-Ganguly,S (2657) Saint Louis 2018}) 9... Ng4 10. Nb3 b5 11. Bf4 Qb6 ({Better is} 11... d6 $11) 12. Bg3 ({White has to play} 12. Rd2 $1 $14) 12... Bb7 (12... Nce5 $15 13. Qe2 d6) 13. Qe2 $11 d6 14. f3 Nge5 $1 15. Bf2 Qc7 16. g3 (16. Kb1 $11) 16... Rc8 17. Bh3 Na5 18. f4 $36 {[%mdl 2048] White fights for an advantage.} Ng4 $1 19. Bxg4 hxg4 20. Rhe1 Nc4 21. Bd4 Rh7 22. Qd3 ({Don't play} 22. Qxg4 b4 $17) 22... Rh5 23. a3 a5 (23... g6 $11) 24. f5 $1 $14 Ba6 {[#] ...b4 is the strong threat.} 25. fxe6 fxe6 26. e5 dxe5 27. Bc5 {And now Qg6+ would win.} Rf5 28. Nd4 $1 {[%cal Bb3d4,Bd4e6,Be6g7][%mdl 32]} Nxb2 $1 29. Kxb2 Bxc5 $4 {[%mdl 8192]} (29... Qxc5 $14 30. Nxf5 Qxa3+ 31. Kb1 Qb4+ 32. Ka1 (32. Kc1 Qa3+ 33. Kb1 Qb4+ 34. Ka1 Qxc3+ 35. Qxc3 Rxc3 $14) 32... Qxc3+ 33. Qxc3 Rxc3 34. Rxe5 Kf7) 30. Nxe6 $18 Bxa3+ 31. Kb1 Qe7 {[#]} 32. Nxg7+ $1 {[%mdl 512] White mates.} Qxg7 33. Qxf5 Rxc3 34. Rxe5+ Be7 35. Qh5+ {Precision: White = 54%, Black = 33%.} 1-0

[Event "Fall Chess Classic-B 2018"]
[Site "Saint Louis"]
[Date "2018.10.14"]
[Round "5"]
[White "Ashwin, Jayaram"]
[Black "Yoo, Christopher Woojin"]
[Result "1/2-1/2"]
[WhiteElo "2494"]
[BlackElo "2410"]
[Annotator "TA"]
[PlyCount "92"]
[EventDate "2018.10.10"]
[EventType "tourn"]
[EventCountry "USA"]
[SourceTitle "playchess.com"]
[Source "ChessBase"]
[SourceQuality "1"]

{[%evp 10,92,19,13,11,4,1,0,10,10,8,-6,21,10,31,7,10,8,28,30,20,20,29,-20,-31,-44,-40,-37,-41,-103,-34,-43,-34,-26,-25,-37,-47,-52,-30,-42,-35,-20,16,33,55,42,108,97,239,239,229,233,230,229,233,139,164,0,0,0,0,0,0,0,0,-96,-97,-200,0,0,0,0,0,0,0,0,0,0,0,0,0,0,0,0,0]} 1. d4 Nf6 2. Nf3 g6 3. Bg5 Bg7 4. Nbd2 O-O 5. e3 d6 6. Bc4 b6 {A48: 1 d4 Nf6 2 Nf3 g6: Torre, London and Colle Systems} (6... Qe8 7. O-O e5 8. a4 a5 9. c3 Nbd7 10. e4 h6 11. Bh4 Nb6 12. Bd3 Bd7 13. b3 Nh5 14. Re1 {½-½ (62) Artemiev,V (2704)-Nepomniachtchi,I (2751) Poikovsky 2018}) 7. c3 Bb7 8. a4 a6 9. O-O Nbd7 10. Qc2 e5 $146 ({Predecessor:} 10... c5) 11. dxe5 dxe5 12. e4 h6 13. Bh4 Qe8 14. Rfe1 Nh5 15. b4 Kh8 16. Qa2 f5 17. exf5 gxf5 18. Bg3 e4 19. Nd4 (19. Qc2 $15) 19... f4 (19... Qg6 $17 20. Bf1 f4) 20. Bh4 $15 Bxd4 21. cxd4 Qg6 22. Bd5 Bxd5 23. Qxd5 Ndf6 $1 {[%cal Rf6d5]} 24. Qc6 $1 Rg8 {[%csl Gg8][%cal Rg6g2]} 25. g3 $1 {[%cal Rd2e4]} e3 26. fxe3 fxg3 27. hxg3 {Black must now prevent a5.} Raf8 (27... Rae8 $1 $14) 28. Rf1 $1 $16 (28. Qxc7 $6 Qg4 $15) 28... Rg7 (28... Kh7 $16 {was worth a try.}) 29. Rf3 Qg4 {And now ...Qxh4 would win.} 30. Kh2 ({Worse is} 30. Bxf6 Rxf6 31. Rxf6 Qxg3+ 32. Kf1 Nxf6 $11) 30... Qg6 {Strongly threatening ...Ng4+.} 31. Kg2 $1 Qd3 32. Nf1 ({Stronger than} 32. Rxf6 Qxd2+ 33. Kh3 Nxf6 $11) (32. Bxf6 Qxd2+ 33. Kh3 Nxf6 $11) ({Only move:} 32. Nc4 $1 $18 Qe2+ 33. Kh3 (33. Rf2 Qg4 $14)) 32... Rgf7 {[#] Threatening ...Ng4.} 33. Qe6 $2 (33. Nh2 $1 $18 Ng8 34. Raf1 Rxf3 35. Rxf3 Rxf3 36. Qxf3) 33... Ng7 $1 $36 {[%cal Rg7e6][%mdl 2048] Black fights for an advantage.} 34. Bxf6 Rxf6 35. Qxf6 Rxf6 36. Rxf6 {aiming for Rc1.} Nf5 37. Rf8+ (37. Kg1 $11 {keeps the balance.} Qe4 38. Rf8+ Kg7 39. Rc8) 37... Kg7 $17 38. Rc8 {[#]} (38. Rxf5 $17 Qxf5 39. Rc1) 38... Qe2+ $2 (38... Qc2+ $1 $19 39. Kh1 h5) 39. Kg1 $11 {The position is equal.} Nxe3 {[%csl Ge3][%cal Re2g2]} 40. Rxc7+ Kg6 {[%csl Ge3][%cal Re2g2]} 41. Nxe3 Qxe3+ {KQ-KRR} 42. Kg2 Qe2+ 43. Kh3 Qh5+ 44. Kg2 Qe2+ 45. Kh3 Qh5+ 46. Kg2 Qe2+ {Precision: White = 54%, Black = 44%.} 1/2-1/2